Efektívne riadenie tímov a možnosti komunikácie v nich a medzi nimi diplomová práca

Guardado en:
Detalles Bibliográficos
Autor principal: Šopor, Matej
Autor Corporativo: Fakulta hospodárskej informatiky EU. Katedra aplikovanej informatiky
Otros Autores: Cárachová, Magdaléna
Formato: Libro
Lenguaje:eslovaco
Publicado: Bratislava 2022
Etiquetas: Agregar Etiqueta
Sin Etiquetas, Sea el primero en etiquetar este registro!

MARC

LEADER 00000nbm a2200000 4500
001 0285958
005 20221214135647.0
041 0 |a slo 
044 |a SK 
245 1 0 |a Efektívne riadenie tímov a možnosti komunikácie v nich a medzi nimi  |b diplomová práca  |c Matej Šopor ; školiteľ: Magdaléna Cárachová 
264 1 |a Bratislava  |c 2022 
300 |a 92 s. 
100 1 |a Šopor, Matej 
700 1 |a Cárachová, Magdaléna 
710 2 |a Fakulta hospodárskej informatiky EU. Katedra aplikovanej informatiky